<?xml version="1.0" encoding="UTF-8"?>
<record
    xmlns:xsi="http://www.w3.org/2001/XMLSchema-instance"
    xsi:schemaLocation="http://www.loc.gov/MARC21/slim http://www.loc.gov/standards/marcxml/schema/MARC21slim.xsd"
    xmlns="http://www.loc.gov/MARC21/slim">

  <leader>00743nam a2200217Ia 4500</leader>
  <controlfield tag="001">14701</controlfield>
  <controlfield tag="003">GE_BSU</controlfield>
  <controlfield tag="008">181216s||||||||xx |||||||||||||| ||und||</controlfield>
  <datafield tag="040" ind1=" " ind2=" ">
    <subfield code="c">GE_BSU</subfield>
  </datafield>
  <datafield tag="080" ind1=" " ind2=" ">
    <subfield code="a">622.691.4(035.3)</subfield>
  </datafield>
  <datafield tag="100" ind1=" " ind2=" ">
    <subfield code="a">&#x421;&#x435;&#x434;&#x43B;&#x443;&#x445;&#x430;,&#x413;.&#x410;. &#x424;&#x440;&#x438;&#x434;&#x43C;&#x430;&#x43D;,&#x41E;.&#x41C;.</subfield>
  </datafield>
  <datafield tag="245" ind1=" " ind2=" ">
    <subfield code="a">&#x421;&#x43F;&#x440;&#x430;&#x432;&#x43E;&#x447;&#x43D;&#x438;&#x43A; &#x43C;&#x430;&#x441;&#x442;&#x435;&#x440;&#x430;-&#x441;&#x442;&#x440;&#x43E;&#x438;&#x442;&#x435;&#x43B;&#x44F; &#x433;&#x430;&#x437;&#x43E;&#x43F;&#x440;&#x43E;&#x432;&#x43E;&#x434;&#x43E;&#x432;.</subfield>
  </datafield>
  <datafield tag="245" ind1=" " ind2=" ">
    <subfield code="c">&#x41D;&#x430;&#x443;&#x447;. &#x440;&#x435;&#x434;. &#x410;.&#x410;.&#x411;&#x43B;&#x43E;&#x448;&#x442;&#x435;&#x438;&#x43D;.</subfield>
  </datafield>
  <datafield tag="250" ind1=" " ind2=" ">
    <subfield code="a">&#x418;&#x437;&#x434;. 2-&#x435;, &#x43F;&#x435;&#x440;&#x435;&#x440;&#x430;&#x431;. &#x438; &#x434;&#x43E;&#x43F;.</subfield>
  </datafield>
  <datafield tag="260" ind1=" " ind2=" ">
    <subfield code="a">&#x41B;.</subfield>
  </datafield>
  <datafield tag="260" ind1=" " ind2=" ">
    <subfield code="b">&#x41D;&#x435;&#x434;&#x440;&#x430;.</subfield>
  </datafield>
  <datafield tag="260" ind1=" " ind2=" ">
    <subfield code="c">1974.</subfield>
  </datafield>
  <datafield tag="300" ind1=" " ind2=" ">
    <subfield code="a">320 &#x441;&#x442;&#x440;. &#x441; &#x438;&#x43B;&#x43B;. 21 &#x441;&#x43C;. &#x411;&#x438;&#x431;&#x43B;&#x438;&#x43E;&#x433;&#x440;.: &#x441;&#x442;&#x440;. 317-318.</subfield>
  </datafield>
  <datafield tag="653" ind1=" " ind2=" ">
    <subfield code="a">&#x421;&#x43F;&#x440;&#x430;&#x432;&#x43E;&#x447;&#x43D;&#x438;&#x43A; &#x43C;&#x430;&#x441;&#x442;&#x435;&#x440;&#x430;-&#x441;&#x442;&#x440;&#x43E;&#x438;&#x442;&#x435;&#x43B;&#x44F; &#x433;&#x430;&#x437;&#x43E;&#x43F;&#x440;&#x43E;&#x432;&#x43E;&#x434;&#x43E;&#x432;.</subfield>
  </datafield>
  <datafield tag="942" ind1=" " ind2=" ">
    <subfield code="c">BK</subfield>
  </datafield>
  <datafield tag="999" ind1=" " ind2=" ">
    <subfield code="c">47827</subfield>
    <subfield code="d">47827</subfield>
  </datafield>
</record>
